Acerca de la geometría de Lobachevski /

Guardado en:
Autor Principal: Smogorzhevskii, A. S.
Formato: Libro
Idioma:Spanish
Russian
Publicado: Moscú : Mir, c1978.
Series:Lecciones populares de matemáticas.
Etiquetas: Agregar Etiqueta
Sin Etiquetas, Sea el primero en etiquetar este registro!
LEADER 00658nam a22001815a 4500
001 MAT.inmabb006624
008 120812s1978####ru#a##########000#0dspa#d
005 20170515150843.0
245 1 0 |a Acerca de la geometría de Lobachevski /  |c A. S. Smogorzhevski ; [traducido del ruso por Virgilio Llanos Más]. 
260 |a Moscú :  |b Mir,  |c c1978. 
300 |a 80 p. :  |b il. ;  |c 21 cm. 
490 1 |a Lecciones populares de matemáticas 
100 1 |a Smogorzhevskii, A. S. 
830 0 |a Lecciones populares de matemáticas. 
084 |a 51M10 (51-01)  |2 msc2000 
041 1 |a spa  |h rus 
859 |h 51  |i Sm666  |p A-5870  |b BIB. MATEMATICA 
859 |h 51  |i Sm666  |p A-5871  |t Ej. 2  |b BIB. MATEMATICA